00473nam a2200145Ia 4500008004100000020001800041041000800059082001200067100002500079245003800104260004000142650001800182999002100200952010600221260624s2024 xx 000 0 und d a9789356962781 aeng a616.028 aA Prabhakar kulkarni aTextbook of Mechnical Ventilation bJaypee Brothers Med. Pub.2024c2024 aCritical care c1222546d1222546 00104070aMCPbMCPd2025-07-03g1695.75l0o616.028pMCP-21959r2026-06-25 00:00:00w2026-06-25yBK